Marcatori della Lazio in UEFA Europa League 2017-2018 - Statistics

Statistiche generali
  • Questo quiz è stato fatto 10 volte
  • Il punteggio medio è 21 su 25
Statistiche sulle risposte
Partita Minuto Marcatore % Corretto
Vitesse - Lazio 2-3 67' Ciro Immobile
100%
Lazio - Zulte Waregem 2-0 90' Ciro Immobile
100%
Lazio - Steaua Bucarest 5-1 7' Ciro Immobile
100%
Lazio - Steaua Bucarest 5-1 42' Ciro Immobile
100%
Lazio - Steaua Bucarest 5-1 71' Ciro Immobile
100%
Lazio - Dinamo Kiev 2-2 54' Ciro Immobile
100%
Lazio - Salisburgo 4-2 76' Ciro Immobile
100%
Salisburgo - Lazio 4-1 55' Ciro Immobile
100%
Lazio - Vitesse 1-1 42' Luis Alberto
100%
Lazio - Steaua Bucarest 5-1 51' Felipe Anderson
90%
Lazio - Dinamo Kiev 2-2 62' Felipe Anderson
90%
Lazio - Salisburgo 4-2 74' Felipe Anderson
90%
Nizza - Lazio 1-3 65' Sergej Milinković-Savić
90%
Nizza - Lazio 1-3 89' Sergej Milinković-Savić
90%
Lazio - Zulte Waregem 2-0 18' Felipe Caicedo
80%
Nizza - Lazio 1-3 5' Felipe Caicedo
80%
Zulte Waregem - Lazio 3-2 67' Felipe Caicedo
80%
Vitesse - Lazio 2-3 51' Marco Parolo
80%
Lazio - Salisburgo 4-2 49' Marco Parolo
80%
Dinamo Kiev - Lazio 0-2 83' Stefan de Vrij
80%
Zulte Waregem - Lazio 3-2 76' Lucas Leiva
70%
Dinamo Kiev - Lazio 0-2 23' Lucas Leiva
70%
Lazio - Salisburgo 4-2 8' Senad Lulić
70%
Vitesse - Lazio 2-3 75' Alessandro Murgia
60%
Lazio - Steaua Bucarest 5-1 35' Bàstos
40%
Nessun quiz corrispondente trovato
Distribuzione punteggi
Percentuale di utenti per punteggio
Percentile per numero di risposta
I tuoi punteggi nel tempo
Non hai fatto questo quiz